| 000 | 00437nam a2200181Ia 4500 | ||
|---|---|---|---|
| 001 | 21029 | ||
| 005 | 20260306172849.0 | ||
| 008 | 260306t2011||||xx |||||||||||||| ||spa|| | ||
| 041 | _aESP | ||
| 082 |
_a344 _bCH523 |
||
| 100 |
_aChaparro Guerra, Ayar _eAUT |
||
| 245 | 0 | _aFundamentos de la teoría del delito | |
| 260 | _c2011 | ||
| 300 |
_a254 páginas : _c24.5 cm. |
||
| 650 | _aGEN | ||
| 654 | _aCDE | ||
| 942 |
_cLIB _dJUS _fJUS _2ddc _n |
||
| 999 |
_c21029 _d21029 |
||